Famous Mobsters - Statistics

General Stats
  • This quiz has been taken 231 times
  • The average score is 6 of 13
Answer Stats
Hint Mobster % Correct
Leader of the Chicago mafia during the prohibition era Al Capone
90%
Was called "the Teflon Don" for his ability to remain free John Gotti
79%
The father of modern organized crime in the US, established "the Commission" (governing body of the American Mafia) Charles "Lucky" Luciano
63%
"Goodfellas" is based on his life as a federal informant Henry Hill
60%
Jewish mobster who was a driving force behind Las Vegas Strip development Benjamin "Bugsy" Siegel
56%
FBI agent who infiltrated Bonanno crime family, played in a film by Johnny Depp Donnie Brasco / Joseph Pistone
54%
Labour union leader and the President of Teamsters who mysteriously vanished in 1975 Jimmy Hoffa
49%
Jewish mobster known as "the Mob's Accountant", developer of the National Crime Syndicate with^ and ^^ Meyer Lensky
45%
Notorious mobster turned government witness against ^ resulting in convinction of ^ Sam "The Bull" Gravano
44%
The boss of Gambino crime family since 1976 until his death in 1985 orchestrated by ^ and ^^ Paul Castellano
43%
Boss of the Chicago Outfit 1955-1966, who had alleged CIA connections and a hand in The Bay of Pigs invasion Sam Giancana
22%
Irish-polish "Freelance" hitman for multiple crime families, is believe to have killed 100-200 men Richard "the Iceman" Kuklinski
17%
Known for running the casinoes and gambling in Cuba prior to Castro. Had close links to ^ Santo Trafficante
10%
No matching quizzes found
Score Distribution
Percent of People with Each Score
Percentile by Number Answered
Your Score History
You have not taken this quiz